书目信息 |
| 题名: |
有机化工分析
|
|
| 作者: | 王秀萍 , 徐焕斌 , 张德胜 主编 | |
| 分册: | ||
| 出版信息: | 北京 化学工业出版社 2006.10 |
|
| 页数: | 249页 | |
| 开本: | 24cm | |
| 丛书名: | ||
| 单 册: | ||
| 中图分类: | TQ2 | |
| 科图分类: | ||
| 主题词: | 有机化工--you ji hua gong--分析方法--技术教育--教材 | |
| 电子资源: | ||
| ISBN: | 7-5025-8726-8 | |
| 000 | 01037nam0 2200277 450 | |
| 001 | 012008563692 | |
| 005 | 20080105104424.50 | |
| 010 | @a7-5025-8726-8@dCNY29.00 | |
| 100 | @a20080105d2006 em y0chiy0120 ea | |
| 101 | 0 | @achi |
| 102 | @aCN@b110000 | |
| 105 | @ak a 000yy | |
| 106 | @ar | |
| 200 | 1 | @a有机化工分析@Ayou ji hua gong fen xi@f王秀萍, 徐焕斌, 张德胜主编@Fwang xiu ping,xu huan bin,zhang de sheng zhu bian |
| 210 | @a北京@c化学工业出版社@d2006.10 | |
| 215 | @a249页@d24cm | |
| 300 | @a行业职业教育培训规划教材职业技能鉴定培训教程化学检验工系列丛书专业技能部分 | |
| 320 | @a有书目 (第249页) | |
| 330 | @a本书围绕有机产品或有机试剂分析中的通用方法以及色谱分析方法编写,重点对各分析方法在实际运用中需要注意的问题进行了详细的阐述。 | |
| 606 | 0 | @a有机化工@Ayou ji hua gong@x分析方法@x技术教育@j教材 |
| 690 | @aTQ2@v4 | |
| 701 | 0 | @a王秀萍@Awang xiu ping@4主编 |
| 701 | 0 | @a徐焕斌@Axu huan bin@4主编 |
| 701 | 0 | @a张德胜@Azhang de sheng@4主编 |
| 801 | 0 | @aCN@bQSSK@c20080105 |
| 905 | @b275572-74@dTQ2@eW394@f3 | |
| 有机化工分析/王秀萍, 徐焕斌, 张德胜主编.-北京:化学工业出版社,2006.10 |
| 249页;24cm |
| 行业职业教育培训规划教材职业技能鉴定培训教程化学检验工系列丛书专业技能部分 |
| ISBN 7-5025-8726-8:CNY29.00 |
| 本书围绕有机产品或有机试剂分析中的通用方法以及色谱分析方法编写,重点对各分析方法在实际运用中需要注意的问题进行了详细的阐述。 |
| ● |
| 相关链接 |
|
|
|
正题名:有机化工分析
索取号:TQ2/W394
 
预约/预借
| 序号 | 登录号 | 条形码 | 馆藏地/架位号 | 状态 | 备注 |
| 1 | 275572 | 202755722 | 期刊室512/501自科库 140排2列2层/ [索取号:TQ2/W394] | 在馆 | |
| 2 | 275573 | 202755731 | 自科库501/501自科库 140排2列2层/ [索取号:TQ2/W394] | 在馆 | |
| 3 | 275574 | 202755740 | 自科库501/501自科库 140排2列2层/ [索取号:TQ2/W394] | 在馆 |